[Event "SR 2. liga A 2016/2017"]
[Site "?"]
[Date "2018.01.14"]
[Round "6.4"]
[White "Spacek, Oliver"]
[Black "Kavon, Rastislav"]
[Result "1/2-1/2"]
[WhiteElo "2215"]
[BlackElo "2202"]
[PlyCount "55"]
[EventDate "2017.??.??"]
[WhiteTeam "SK Osuske B"]
[BlackTeam "Lokomotiva Trnava B"]

1. d4 Nf6 2. Nf3 g6 3. c4 Bg7 4. Nc3 O-O 5. g3 d6 6. Bg2 Nc6 7. d5 Na5 8. Qd3
c6 9. O-O cxd5 10. cxd5 Bf5 11. e4 Bg4 12. Nd4 Rc8 13. b3 Qd7 14. Be3 Bh3 15.
f3 Bxg2 16. Kxg2 b6 17. Rad1 Rfd8 18. Nce2 e5 19. Nc2 Rc7 20. Nb4 h5 21. h3 Nh7
22. g4 f5 23. gxf5 gxf5 24. exf5 Rf8 25. Ng3 h4 26. Ne4 Nb7 27. Na6 Rcc8 28.
Bg5 1/2-1/2

[Event "SR 2. liga A 2016/2017"]
[Site "?"]
[Date "2018.01.14"]
[Round "6.4"]
[White "Puskar, Peter"]
[Black "Hecko, Dusan"]
[Result "1/2-1/2"]
[WhiteElo "2186"]
[BlackElo "2081"]
[PlyCount "72"]
[EventDate "2017.??.??"]
[WhiteTeam "Lokomotiva Trnava B"]
[BlackTeam "SK Osuske B"]

1. d4 Nf6 2. c4 d6 3. Nc3 Nbd7 4. g3 e5 5. Nf3 Be7 6. Bg2 O-O 7. O-O Re8 8. b3
c6 9. dxe5 dxe5 10. Bb2 Qc7 11. Qc2 Nf8 12. Rad1 Bg4 13. Ne4 Ng6 14. h3 Bc8 15.
Nxf6+ Bxf6 16. e4 Be6 17. Rd2 Rad8 18. Rfd1 Rxd2 19. Rxd2 Rd8 20. Bc3 Be7 21.
Rxd8+ Bxd8 22. Qd2 f6 23. Ne1 Qd7 24. Nd3 b6 25. h4 Be7 26. a4 a6 27. Nb4 Qxd2
28. Bxd2 Bxb4 29. Bxb4 c5 30. Bc3 a5 31. Kf1 Ne7 32. Bf3 Nc6 33. Bd1 Kf7 34.
Ke2 Ke7 35. Ke3 Kd6 36. f4 Nd4 1/2-1/2

[Event "SR 2. liga A 2016/2017"]
[Site "?"]
[Date "2018.01.14"]
[Round "6.4"]
[White "Ocko, Martin"]
[Black "Nicolini, Alexander"]
[Result "1-0"]
[WhiteElo "1993"]
[BlackElo "2152"]
[PlyCount "71"]
[EventDate "2017.??.??"]
[WhiteTeam "SK Osuske B"]
[BlackTeam "Lokomotiva Trnava B"]

1. d4 f5 2. g3 Nf6 3. Bg2 c6 4. b3 g6 5. Bb2 Bg7 6. Nd2 O-O 7. e3 d6 8. Ne2 Qc7
9. O-O Be6 10. c4 Bf7 11. e4 fxe4 12. Nxe4 Nxe4 13. Bxe4 Nd7 14. Nc3 e5 15. d5
Rfe8 16. Qd2 Nf6 17. Bg2 c5 18. Ne4 Nxe4 19. Bxe4 Re7 20. Bc3 Be8 21. Qd3 a6
22. f4 b5 23. Rac1 Ra7 24. f5 gxf5 25. Bxf5 Bh6 26. Bd2 Bxd2 27. Qxd2 Bd7 28.
Qh6 Ra8 29. Be4 Rg7 30. Rf6 bxc4 31. Rcf1 Qb8 32. bxc4 Bg4 33. R1f2 Qd8 34.
Rxd6 Qa5 35. Bxh7+ Rxh7 36. Rg6+ 1-0

[Event "SR 2. liga A 2016/2017"]
[Site "?"]
[Date "2018.01.14"]
[Round "6.4"]
[White "Liptak, Dusan"]
[Black "Nemeckay, Rastislav"]
[Result "1-0"]
[WhiteElo "2133"]
[BlackElo "1943"]
[PlyCount "153"]
[EventDate "2017.??.??"]
[WhiteTeam "Lokomotiva Trnava B"]
[BlackTeam "SK Osuske B"]

1. d4 d5 2. c4 c6 3. Nc3 Nf6 4. Nf3 e6 5. e3 Nbd7 6. Bd3 dxc4 7. Bxc4 b5 8. Bd3
a6 9. e4 c5 10. e5 Nd5 11. Nxd5 exd5 12. Ng5 Be7 13. Nxf7 Kxf7 14. Qf3+ Nf6 15.
dxc5 Bxc5 16. O-O Be6 17. exf6 Qxf6 18. Qh5+ g6 19. Qh6 Rae8 20. Be3 Bf8 21.
Qg5 Qxg5 22. Bxg5 Bg7 23. Rac1 Rc8 24. b3 Rxc1 25. Rxc1 Rc8 26. Rxc8 Bxc8 27.
Kf1 Bf5 28. Ke2 Ke6 29. a4 Bxd3+ 30. Kxd3 Be5 31. h3 bxa4 32. bxa4 Kd6 33. Be3
Kc6 34. f4 Bf6 35. g4 Kd6 36. Bf2 Ke6 37. Bd4 Be7 38. Be5 Bc5 39. Kc3 Ba7 40.
Kb4 Bb6 41. Bb8 Kf6 42. Bd6 Ke6 43. Be5 g5 44. Bb8 gxf4 45. Bxf4 Kd7 46. h4 Ke6
47. h5 Kf6 48. Kc3 Bc5 49. Kd3 Bb6 50. Ke2 Bd4 51. Kf3 Bc3 52. Ke3 Bb2 53. Kd3
Ba1 54. Kc2 Bd4 55. Kd3 Bb6 56. Bd2 Bf2 57. g5+ Kf7 58. Ke2 Bc5 59. Kf3 Bd4 60.
Ke2 Bb2 61. Kd3 Be5 62. Be3 Bb2 63. Bd4 Ba3 64. Kd2 Bd6 65. Ke3 Bc7 66. Kf3 Bd6
67. Kg4 Be7 68. Kf5 Bd6 69. g6+ hxg6+ 70. hxg6+ Ke7 71. Bf6+ Ke8 72. Ke6 Bf8
73. Kxd5 Kd7 74. Be5 a5 75. Bc3 Kc7 76. Bxa5+ Kb7 77. Bb4 1-0

[Event "SR 2. liga A 2016/2017"]
[Site "?"]
[Date "2018.01.14"]
[Round "6.4"]
[White "Diviak, Rastislav"]
[Black "Puchart, Vladimir"]
[Result "1/2-1/2"]
[WhiteElo "1960"]
[BlackElo "2084"]
[PlyCount "38"]
[EventDate "2017.??.??"]
[WhiteTeam "SK Osuske B"]
[BlackTeam "Lokomotiva Trnava B"]

1. e4 c5 2. Nf3 d6 3. d4 cxd4 4. Nxd4 Nf6 5. Nc3 a6 6. Be2 e5 7. Nb3 Be7 8. O-O
O-O 9. f4 Qc7 10. Be3 b5 11. a3 Bb7 12. Bf3 Nbd7 13. Qe1 Rac8 14. Rd1 Nb6 15.
Nd2 Kh8 16. Qg3 Nbd7 17. Nb3 Nb6 18. Nd2 Nbd7 19. Nb3 Nb6 1/2-1/2

[Event "SR 2. liga A 2016/2017"]
[Site "?"]
[Date "2018.01.14"]
[Round "6.4"]
[White "Stetina, Erik"]
[Black "Skapik, Branislav"]
[Result "1-0"]
[WhiteElo "2011"]
[BlackElo "1808"]
[PlyCount "45"]
[EventDate "2017.??.??"]
[WhiteTeam "Lokomotiva Trnava B"]
[BlackTeam "SK Osuske B"]

1. e4 e5 2. Nf3 Nc6 3. Bb5 a6 4. Ba4 Nf6 5. O-O b5 6. Bb3 Be7 7. c3 O-O 8. Qe2
d6 9. d4 Bg4 10. Rd1 Qc8 11. h3 Bh5 12. Bg5 Na5 13. Bc2 Re8 14. Nbd2 c5 15.
Rac1 exd4 16. cxd4 Nd5 17. Be3 Nxe3 18. Qxe3 Nc6 19. Re1 Bf6 20. dxc5 Bxb2 21.
Rb1 Ba3 22. Qxa3 b4 23. Qe3 1-0

[Event "SR 2. liga A 2016/2017"]
[Site "?"]
[Date "2018.01.14"]
[Round "6.4"]
[White "Ulehla, Jakub"]
[Black "Sturdik, Igor"]
[Result "1-0"]
[WhiteElo "1732"]
[BlackElo "1985"]
[PlyCount "113"]
[EventDate "2017.??.??"]
[WhiteTeam "SK Osuske B"]
[BlackTeam "Lokomotiva Trnava B"]

1. e4 Nf6 2. Nc3 d5 3. exd5 Nxd5 4. Nf3 Bg4 5. Bc4 e6 6. O-O Be7 7. Nxd5 exd5
8. Be2 O-O 9. d4 Nc6 10. c3 Qd6 11. Qc2 Rfe8 12. Re1 Bh5 13. Bd2 h6 14. h3 b6
15. Ne5 Bxe2 16. Rxe2 Bf6 17. f4 Bxe5 18. fxe5 Qd7 19. Rf2 Re7 20. Raf1 Rae8
21. Qd1 Nd8 22. Qh5 Re6 23. Rf3 Rc6 24. g4 Ree6 25. Kh1 Re8 26. g5 g6 27. Qxh6
Qe7 28. Qh4 Qf8 29. Qg4 Re7 30. h4 Qg7 31. Kg2 Qh7 32. Rh1 Qh5 33. Qc8 Re8 34.
Qd7 Rce6 35. Qxd5 Qg4+ 36. Kf2 c6 37. Qc4 c5 38. Qd3 cxd4 39. cxd4 Nc6 40. Bc3
Rd8 41. Qe3 Ne7 42. Qf4 Qxf4 43. Rxf4 Nd5 44. Rf3 Rc6 45. h5 gxh5 46. Rxh5 Rdc8
47. Rfh3 Kg7 48. Rh7+ Kg6 49. R3h6+ Kxg5 50. Rxc6 Rxc6 51. Rxf7 Nxc3 52. bxc3
Rxc3 53. e6 Kg6 54. Rf8 Rc7 55. d5 Re7 56. Ke3 Kg7 57. Rf2 1-0

[Event "SR 2. liga A 2016/2017"]
[Site "?"]
[Date "2018.01.14"]
[Round "6.5"]
[White "Takacs, Laszlo"]
[Black "Federic, Jozef"]
[Result "1/2-1/2"]
[WhiteElo "2236"]
[BlackElo "2225"]
[PlyCount "111"]
[EventDate "2017.??.??"]
[WhiteTeam "DSC Potonska veza"]
[BlackTeam "SK Modra B"]

1. e4 c5 2. Nf3 e6 3. d4 cxd4 4. Nxd4 Nc6 5. Nb5 d6 6. c4 a6 7. N5c3 Nf6 8. Be2
Be7 9. Be3 O-O 10. Na3 Ne5 11. Rc1 b6 12. f3 Bb7 13. Qd4 Ned7 14. Nc2 Rc8 15.
O-O Nc5 16. Rfd1 Qc7 17. b4 Ncd7 18. Na4 a5 19. Nxb6 Nxb6 20. Qxb6 Qxb6 21.
Bxb6 axb4 22. Nxb4 d5 23. c5 Nd7 24. Ba6 Nxb6 25. cxb6 Rb8 26. Nc6 Bxc6 27.
Rxc6 Rxb6 28. Rxb6 Bc5+ 29. Kf1 Bxb6 30. exd5 exd5 31. Rxd5 Ra8 32. Bc4 Kf8 33.
Rd6 Bc5 34. Rc6 Bd4 35. Ke2 Ra7 36. Kd3 Be5 37. h3 Ke7 38. Bb3 f6 39. Kc4 Kd7
40. Rb6 Bc7 41. Rb5 Kc6 42. a4 Ra5 43. Bc2 h6 44. Be4+ Kd6 45. Rxa5 Bxa5 46.
Kb5 Bd2 47. Kb6 Be3+ 48. Kb7 Bd2 49. Kc8 Ba5 50. Kb7 Bd2 51. Kb6 Be3+ 52. Kb5
Bf2 53. a5 Bg1 54. a6 Ba7 55. Kc4 Ke5 56. Bb7 1/2-1/2

[Event "SR 2. liga A 2016/2017"]
[Site "?"]
[Date "2018.01.14"]
[Round "6.5"]
[White "Banas, Kamil"]
[Black "Marosi, Csaba"]
[Result "1-0"]
[WhiteElo "2272"]
[BlackElo "2017"]
[PlyCount "71"]
[EventDate "2017.??.??"]
[WhiteTeam "SK Modra B"]
[BlackTeam "DSC Potonska veza"]

1. e4 c5 2. Nf3 e6 3. d4 cxd4 4. Nxd4 Qb6 5. Nb3 Qc7 6. Bd3 a6 7. Be3 Nf6 8. f4
d6 9. Nc3 Nbd7 10. Qf3 b5 11. g4 Nc5 12. Nxc5 dxc5 13. g5 Nd7 14. O-O g6 15. f5
Ne5 16. Qg3 Bd6 17. Bxb5+ Nd7 18. Bxd7+ Bxd7 19. Bf4 Bxf4 20. Rxf4 O-O-O 21.
fxg6 fxg6 22. Raf1 h6 23. Rf6 hxg5 24. Qxc7+ Kxc7 25. Rxg6 Rdg8 26. Rxg8 Rxg8
27. e5 g4 28. Ne4 Bb5 29. Rd1 Bc6 30. Nxc5 g3 31. Nxe6+ Kb7 32. Nf4 gxh2+ 33.
Kxh2 Rg4 34. Rd4 Rg5 35. e6 Re5 36. Kg3 1-0

[Event "SR 2. liga A 2016/2017"]
[Site "?"]
[Date "2018.01.14"]
[Round "6.5"]
[White "Darasz, Zoltan"]
[Black "Dugovic, Branislav"]
[Result "1/2-1/2"]
[WhiteElo "2164"]
[BlackElo "2187"]
[PlyCount "25"]
[EventDate "2017.??.??"]
[WhiteTeam "DSC Potonska veza"]
[BlackTeam "SK Modra B"]

1. e4 d5 2. exd5 Nf6 3. c4 e6 4. Nf3 exd5 5. Be2 d4 6. d3 c5 7. O-O Nc6 8. Re1
Be7 9. Bf4 O-O 10. Ne5 Nxe5 11. Bxe5 Bd6 12. Bf3 Bxe5 13. Rxe5 1/2-1/2

[Event "SR 2. liga A 2016/2017"]
[Site "?"]
[Date "2018.01.14"]
[Round "6.5"]
[White "Mydlarik, Martin"]
[Black "Cibulka, Vladimir"]
[Result "1/2-1/2"]
[WhiteElo "2088"]
[BlackElo "2152"]
[PlyCount "60"]
[EventDate "2017.??.??"]
[WhiteTeam "SK Modra B"]
[BlackTeam "DSC Potonska veza"]

1. c4 e5 2. Nc3 Nc6 3. g3 g6 4. Bg2 Bg7 5. Nf3 d6 6. O-O Nge7 7. d3 O-O 8. Rb1
Nd4 9. e3 Nxf3+ 10. Qxf3 Rb8 11. Qe2 f5 12. Nd5 c6 13. Nxe7+ Qxe7 14. b4 Be6
15. Bb2 Qf7 16. Rbc1 Rbe8 17. f4 exf4 18. gxf4 d5 19. Bxg7 Qxg7 20. cxd5 Bxd5
21. Bxd5+ cxd5 22. Qf3 Rd8 23. d4 Qd7 24. Rc3 Rc8 25. Rfc1 Rxc3 26. Rxc3 b6 27.
Qg2 Rd8 28. Qc2 Qe7 29. a3 Rd7 30. Qg2 Kg7 1/2-1/2

[Event "SR 2. liga A 2016/2017"]
[Site "?"]
[Date "2018.01.14"]
[Round "6.5"]
[White "Veselsky, Jozef"]
[Black "Michal, Silvio"]
[Result "1/2-1/2"]
[WhiteElo "2115"]
[BlackElo "2090"]
[PlyCount "123"]
[EventDate "2017.??.??"]
[WhiteTeam "DSC Potonska veza"]
[BlackTeam "SK Modra B"]

1. d4 Nf6 2. Nf3 e6 3. c4 b6 4. g3 Bb7 5. Bg2 Bb4+ 6. Bd2 Bxd2+ 7. Qxd2 O-O 8.
Nc3 d6 9. O-O c5 10. d5 exd5 11. Nh4 Nbd7 12. Nxd5 Nxd5 13. Bxd5 Bxd5 14. Qxd5
Nf6 15. Qd3 d5 16. cxd5 Qxd5 17. Rfd1 Rfd8 18. Qc2 Qe6 19. Nf3 Rxd1+ 20. Qxd1
Re8 21. e3 Ne4 22. Qe2 Rd8 23. Rd1 Rxd1+ 24. Qxd1 h6 25. b3 Qf5 26. Kg2 g5 27.
h3 h5 28. Qe2 Qd5 29. Kg1 Kg7 30. Kf1 f6 31. Kg1 Kh6 32. Qb2 Kg7 33. Qe2 Kh6
34. Qb2 b5 35. Qe2 a6 36. Qb2 Kg7 37. Qe2 Kh6 38. Qb2 Kg7 39. Qe2 Nc3 40. Qc2
Ne4 41. Qe2 b4 42. Ne1 a5 43. Qd3 Qf5 44. Qc2 a4 45. bxa4 c4 46. f3 Nxg3 47.
Qxf5 Nxf5 48. a5 b3 49. axb3 cxb3 50. Nd3 Nxe3 51. a6 Nc4 52. a7 Nb6 53. Kf2 f5
54. Ke3 Kf6 55. Kd2 g4 56. fxg4 fxg4 57. Nf4 Kg5 58. Nd5 Na8 59. hxg4 h4 60.
Ne3 h3 61. Nf1 Kxg4 62. Kc3 1/2-1/2

[Event "SR 2. liga A 2016/2017"]
[Site "?"]
[Date "2018.01.14"]
[Round "6.5"]
[White "Bochnicka, Vladimir ml"]
[Black "Csuri, Szilveszter"]
[Result "0-1"]
[WhiteElo "1953"]
[BlackElo "1957"]
[PlyCount "158"]
[EventDate "2017.??.??"]
[WhiteTeam "SK Modra B"]
[BlackTeam "DSC Potonska veza"]

1. e4 e5 2. Nf3 Nc6 3. Bc4 Bc5 4. c3 Nf6 5. d3 O-O 6. Nbd2 d6 7. Nf1 Rb8 8. a4
a5 9. Ng3 Be6 10. Bb3 Qd7 11. O-O h6 12. Bc2 Bb6 13. Be3 Ne7 14. Qd2 Bxe3 15.
fxe3 Ng6 16. Rad1 Qc6 17. d4 Bc4 18. Rfe1 Ba6 19. h3 b6 20. Qf2 Rbe8 21. Kh1
Bb7 22. Nd2 Nh7 23. Bb3 Qd7 24. Nf5 Ng5 25. Bc2 Re6 26. h4 Nh7 27. Qg3 h5 28.
Bb3 d5 29. Nf3 exd4 30. N3xd4 Rxe4 31. Rf1 Rg4 32. Qh3 c5 33. Nb5 d4 34. Rd2 d3
35. Bd1 Ne5 36. Bxg4 Nxg4 37. Nbd6 Ba6 38. Ne4 Qxa4 39. Nf2 Nxf2+ 40. Rfxf2 Qg4
41. Qxg4 hxg4 42. Rf4 Nf6 43. c4 Rd8 44. b3 Kh7 45. e4 Bb7 46. e5 Ne4 47. Rd1
Nc3 48. Rd2 Ne4 49. Rd1 g3 50. Kg1 Nc3 51. Rff1 Nxd1 52. Rxd1 Bc6 53. Nxg3 a4
54. bxa4 Bxa4 55. Rd2 Bb3 56. Kf2 Bxc4 57. Ke3 Re8 58. Kf4 Rd8 59. Ne4 Rd4 60.
Ke3 Kg8 61. g3 Ba6 62. g4 Rd5 63. Kf4 c4 64. h5 Bb7 65. Nc3 Rd4+ 66. Kg3 Bc6
67. g5 Bd7 68. g6 fxg6 69. hxg6 Rg4+ 70. Kf3 Rxg6 71. Ke3 b5 72. Nd5 Kf7 73.
Kd4 Rg4+ 74. Kc5 Ke6 75. Nc7+ Kxe5 76. Nxb5 Bxb5 77. Kxb5 Kd4 78. Kb4 c3 79.
Rd1 c2 0-1

[Event "SR 2. liga A 2016/2017"]
[Site "?"]
[Date "2018.01.14"]
[Round "6.5"]
[White "Kalmar, Tamas"]
[Black "Sobek, Michal"]
[Result "1-0"]
[WhiteElo "2093"]
[BlackElo "1925"]
[PlyCount "81"]
[EventDate "2017.??.??"]
[WhiteTeam "DSC Potonska veza"]
[BlackTeam "SK Modra B"]

1. d4 Nf6 2. c4 c5 3. d5 b5 4. cxb5 a6 5. bxa6 g6 6. Nc3 Bg7 7. e4 d6 8. Nf3
O-O 9. Be2 Bxa6 10. O-O Nbd7 11. h3 Bxe2 12. Qxe2 Qa5 13. Bf4 Rfb8 14. Bh2 Nb6
15. a4 Qb4 16. Qc2 Nfd7 17. Rfe1 Nc4 18. Reb1 Ndb6 19. Ne1 Nxb2 20. e5 N6xa4
21. Nxa4 c4 22. Nxb2 Rxa1 23. Rxa1 Qxb2 24. Qxb2 Rxb2 25. Ra8+ Bf8 26. exd6
exd6 27. Bxd6 Rb1 28. Rxf8+ Kg7 29. Kf1 Rd1 30. Rc8 Rxd5 31. Bf8+ Kf6 32. Rxc4
Rd2 33. Rc2 Rd8 34. Bc5 Ra8 35. Be3 Ra4 36. g3 h5 37. h4 Ra6 38. Kg2 Ra4 39.
Nf3 Rb4 40. Bg5+ Kg7 41. Rc6 1-0

[Event "SR 2. liga A 2016/2017"]
[Site "?"]
[Date "2018.01.14"]
[Round "6.5"]
[White "Sandor, Martin"]
[Black "Merva, Frantisek"]
[Result "1/2-1/2"]
[WhiteElo "1972"]
[BlackElo "2077"]
[PlyCount "80"]
[EventDate "2017.??.??"]
[WhiteTeam "SK Modra B"]
[BlackTeam "DSC Potonska veza"]

1. e4 b6 2. d4 Bb7 3. Nc3 e6 4. Nf3 Nf6 5. Bd3 Bb4 6. Qe2 d5 7. Bg5 h6 8. Bxf6
Qxf6 9. e5 Qd8 10. O-O O-O 11. Nb1 Qc8 12. c3 Be7 13. Nbd2 c5 14. a3 Nd7 15.
Ne1 a5 16. f4 Ba6 17. Bxa6 Qxa6 18. Qxa6 Rxa6 19. Nc2 cxd4 20. cxd4 Rc8 21. Ne3
Ra7 22. Rac1 Rac7 23. Rxc7 Rxc7 24. Kf2 b5 25. Ke2 Nb6 26. Kd3 b4 27. axb4 Bxb4
28. Ra1 Kf8 29. g4 Ke7 30. f5 Rc8 31. h3 Kd7 32. Rf1 Ke7 33. Ra1 Rc7 34. h4 Rc8
35. Ra2 Kd7 36. Ra1 Ke7 37. Ra2 Ke8 38. Ra1 a4 39. Rb1 Ke7 40. Ra1 Kd7 1/2-1/2

[Event "SR 2. liga A 2016/2017"]
[Site "?"]
[Date "2018.01.14"]
[Round "6.6"]
[White "Farkas, Gabor"]
[Black "Sukuba, Zdeno"]
[Result "1-0"]
[WhiteElo "2397"]
[BlackElo "2171"]
[PlyCount "105"]
[EventDate "2017.??.??"]
[WhiteTeam "SK Senec"]
[BlackTeam "SK Krasnany"]

1. d4 Nf6 2. Bf4 d5 3. e3 e6 4. Nf3 Be7 5. Bd3 c5 6. c3 Nc6 7. Ne5 Nxe5 8. dxe5
Nd7 9. O-O c4 10. Bc2 b5 11. e4 Bb7 12. exd5 Bxd5 13. Nd2 g5 14. Bg3 h5 15. h3
Nc5 16. Qe2 h4 17. Bh2 Qb6 18. b4 Nd3 19. Bxd3 cxd3 20. Qxd3 O-O-O 21. Qe2 g4
22. c4 g3 23. cxd5 Rxd5 24. a3 gxh2+ 25. Kh1 Rhd8 26. Nf3 Kb8 27. Kxh2 a6 28.
Kg1 Rg8 29. Rfd1 Rgd8 30. Rxd5 Rxd5 31. Rc1 a5 32. bxa5 Qxa5 33. Rb1 Ka8 34.
Qe4 Bxa3 35. Nd4 Qa4 36. Rxb5 Qxd4 37. Ra5+ Kb7 38. Qxd4 Rxd4 39. Rxa3 Rf4 40.
Rc3 Rf5 41. Rc4 Rh5 42. f4 Rf5 43. Kf2 f6 44. exf6 Rxf6 45. Ke3 Rg6 46. Rc2 Kb6
47. Ke4 Kb7 48. Ke5 Kb6 49. Kd6 Rf6 50. Rb2+ Ka5 51. Rf2 Kb4 52. Ke7 Rh6 53.
Re2 1-0

[Event "SR 2. liga A 2016/2017"]
[Site "?"]
[Date "2018.01.14"]
[Round "6.6"]
[White "Bronis, Marian"]
[Black "Balogh, Peter"]
[Result "1/2-1/2"]
[WhiteElo "2075"]
[BlackElo "2285"]
[PlyCount "102"]
[EventDate "2017.??.??"]
[WhiteTeam "SK Krasnany"]
[BlackTeam "SK Senec"]

1. d4 Nf6 2. c4 g6 3. Nc3 Bg7 4. e4 d6 5. Be3 O-O 6. f3 Nbd7 7. Bd3 c5 8. Nge2
a6 9. O-O cxd4 10. Nxd4 Ne5 11. Be2 Nc6 12. Qd2 Bd7 13. Rfd1 Rb8 14. Nb3 Ne5
15. Rac1 b5 16. cxb5 axb5 17. Nd5 Nxd5 18. exd5 Ra8 19. a3 Qb8 20. Na5 Rc8 21.
Rxc8+ Qxc8 22. Rc1 Qe8 23. h3 f5 24. f4 Nf7 25. Nc6 e6 26. dxe6 Qxe6 27. Nd4
Qe8 28. Bf3 Rc8 29. Rxc8 Qxc8 30. Bd5 Kf8 31. Qd3 Qe8 32. Qb3 Nd8 33. Kf2 Bf6
34. Qb4 Ke7 35. Nf3 Bc6 36. Ba2 Ne6 37. g4 Qa8 38. Ne1 Bh4+ 39. Ke2 Bxe1 40.
Qxe1 Bf3+ 41. Kf2 Bg2 42. Kg1 Qf3 43. Bc5 Qe4 44. Qh4+ Kd7 45. Qxh7+ Kc6 46.
Bxe6 Qxe6 47. Qa7 Bxh3 48. Qb6+ Kd5 49. Bf2 Qe2 50. Qb7+ Ke6 51. Qc8+ Kd5
1/2-1/2

[Event "SR 2. liga A 2016/2017"]
[Site "?"]
[Date "2018.01.14"]
[Round "6.6"]
[White "Gruca, Miroslav"]
[Black "Biro, Karol"]
[Result "1-0"]
[WhiteElo "2173"]
[BlackElo "2090"]
[PlyCount "69"]
[EventDate "2017.??.??"]
[WhiteTeam "SK Senec"]
[BlackTeam "SK Krasnany"]

1. e4 c5 2. Nc3 e6 3. f4 d5 4. e5 Nc6 5. Nf3 Nh6 6. Bb5 Bd7 7. Bxc6 Bxc6 8. O-O
d4 9. Ne2 d3 10. Ng3 c4 11. h3 g6 12. c3 Bc5+ 13. Kh2 Nf5 14. b3 Nxg3 15. Kxg3
b5 16. a4 a6 17. Ba3 Bxa3 18. Rxa3 O-O 19. Nd4 Bd5 20. b4 bxa4 21. Rxa4 f6 22.
Qe1 Qc7 23. Ra1 g5 24. Nf3 gxf4+ 25. Kh2 Kh8 26. exf6 Rxf6 27. Qe5 Qg7 28. Kh1
Rg8 29. Rf2 h6 30. Rg1 Kh7 31. Qd4 Qg3 32. Qxf6 Qxf2 33. Qxf4 Rg3 34. Qf7+ Rg7
35. Qf5+ 1-0

[Event "SR 2. liga A 2016/2017"]
[Site "?"]
[Date "2018.01.14"]
[Round "6.6"]
[White "Janos, Ivan"]
[Black "Slacky, Stanislav"]
[Result "1/2-1/2"]
[WhiteElo "2085"]
[BlackElo "2139"]
[PlyCount "91"]
[EventDate "2017.??.??"]
[WhiteTeam "SK Krasnany"]
[BlackTeam "SK Senec"]

1. e4 Nf6 2. e5 Nd5 3. d4 d6 4. c4 Nb6 5. exd6 exd6 6. Nc3 Nc6 7. Be3 Be7 8.
Bd3 d5 9. c5 Nc4 10. Bxc4 dxc4 11. Qa4 Bf6 12. O-O-O O-O 13. Ne4 Bf5 14. Nxf6+
Qxf6 15. Qxc4 b6 16. Nf3 a5 17. h4 b5 18. Qb3 a4 19. Qc3 b4 20. Qc4 Na5 21. Qd5
Be6 22. Qe5 Qxe5 23. Nxe5 Bxa2 24. d5 Bb3 25. Rd4 Rfd8 26. Nd3 Bxd5 27. Rxb4
Bb3 28. Ne5 Rd5 29. Nf3 Nc4 30. Nd4 Nxe3 31. fxe3 Rxc5+ 32. Kd2 Rd5 33. e4 Rd7
34. Rc1 Re8 35. Kd3 f5 36. exf5 Re5 37. Rc6 Bd5 38. Rc1 Bxg2 39. Rb8+ Kf7 40.
Kc4 c5 41. Ne6 Bd5+ 42. Kb5 Bxe6 43. fxe6+ Kxe6 44. Rb6+ Rd6 45. Rb7 Rd7 46.
Rb6+ 1/2-1/2

[Event "SR 2. liga A 2016/2017"]
[Site "?"]
[Date "2018.01.14"]
[Round "6.6"]
[White "Micek, Jaroslav"]
[Black "Danek, Pavol"]
[Result "0-1"]
[WhiteElo "2078"]
[BlackElo "2219"]
[PlyCount "36"]
[EventDate "2017.??.??"]
[WhiteTeam "SK Senec"]
[BlackTeam "SK Krasnany"]

1. d4 d5 2. Bg5 h6 3. Bh4 c6 4. e3 Qb6 5. Qc1 e5 6. Nf3 e4 7. Nfd2 Be7 8. Bg3
Nf6 9. c4 O-O 10. Nc3 Be6 11. c5 Qd8 12. b4 b6 13. Nb3 a5 14. cxb6 axb4 15. Bc7
Qc8 16. Ne2 Ne8 17. Be5 Nd7 18. Nc5 Bxc5 0-1

[Event "SR 2. liga A 2016/2017"]
[Site "?"]
[Date "2018.01.14"]
[Round "6.6"]
[White "Povysil, Peter"]
[Black "Koval, Michal"]
[Result "0-1"]
[WhiteElo "1985"]
[BlackElo "2023"]
[PlyCount "38"]
[EventDate "2017.??.??"]
[WhiteTeam "SK Krasnany"]
[BlackTeam "SK Senec"]

1. Nf3 c5 2. e4 Nc6 3. d4 cxd4 4. Nxd4 g6 5. Nc3 Bg7 6. Be3 Nf6 7. Nxc6 bxc6 8.
e5 Ng8 9. f4 f6 10. Bc4 fxe5 11. fxe5 Bxe5 12. Qf3 Nf6 13. Rd1 Qc7 14. O-O Bb7
15. Qh3 d5 16. Bd3 Rg8 17. Qe6 Bc8 18. Nxd5 Bxe6 19. Nxc7+ Bxc7 0-1

[Event "SR 2. liga A 2016/2017"]
[Site "?"]
[Date "2018.01.14"]
[Round "6.6"]
[White "Lesny, Stefan"]
[Black "Mandak, Miroslav"]
[Result "1/2-1/2"]
[WhiteElo "2044"]
[BlackElo "1954"]
[PlyCount "28"]
[EventDate "2017.??.??"]
[WhiteTeam "SK Senec"]
[BlackTeam "SK Krasnany"]

1. e4 c5 2. f4 Nc6 3. Nf3 g6 4. c3 d5 5. e5 Bg4 6. h3 Bxf3 7. Qxf3 e6 8. d3 Nh6
9. Na3 Be7 10. Be3 d4 11. Bd2 Nf5 12. h4 Qd7 13. Nc2 O-O-O 14. c4 Kb8 1/2-1/2

[Event "SR 2. liga A 2016/2017"]
[Site "?"]
[Date "2018.01.14"]
[Round "6.6"]
[White "Zacik, Anton"]
[Black "Pusec, Pavel"]
[Result "1/2-1/2"]
[WhiteElo "1909"]
[BlackElo "1977"]
[PlyCount "25"]
[EventDate "2017.??.??"]
[WhiteTeam "SK Krasnany"]
[BlackTeam "SK Senec"]

1. e4 d6 2. d4 Nf6 3. Nc3 g6 4. Be3 c6 5. h3 b5 6. e5 b4 7. exf6 bxc3 8. fxe7
Qxe7 9. bxc3 Bh6 10. Qd2 Bxe3 11. Qxe3 Qxe3+ 12. fxe3 Ba6 13. Bxa6 1/2-1/2

[Event "SR 2. liga A 2016/2017"]
[Site "?"]
[Date "2018.02.04"]
[Round "7.1"]
[White "Kostolansky, Sebastian Lukas"]
[Black "Macka, Oto"]
[Result "1-0"]
[WhiteElo "2219"]
[BlackElo "2019"]
[PlyCount "59"]
[EventDate "2017.??.??"]
[WhiteTeam "SK Slovan Bratislava E"]
[BlackTeam "SK Doprastav Bratislava B"]

1. e4 e5 2. Nf3 Nc6 3. Bb5 a6 4. Ba4 Nf6 5. d3 Bc5 6. O-O b5 7. Bb3 O-O 8. c3
d5 9. Qe2 d4 10. Bg5 Be6 11. Nbd2 Re8 12. Rac1 Rc8 13. c4 b4 14. Ba4 Bd7 15.
Nb3 Bf8 16. c5 h6 17. Bh4 g5 18. Bg3 Nh5 19. Rc4 Rb8 20. Qd2 Nxg3 21. hxg3 Qf6
22. Ne1 Qg6 23. f4 gxf4 24. gxf4 f5 25. fxe5 Rxe5 26. Nf3 fxe4 27. Nxe5 Nxe5
28. Bxd7 e3 29. Qe2 Nxd7 30. Rxd4 1-0

[Event "SR 2. liga A 2016/2017"]
[Site "?"]
[Date "2018.02.04"]
[Round "7.1"]
[White "Sosovicka, Jakub"]
[Black "Privara, Igor"]
[Result "0-1"]
[WhiteElo "2101"]
[BlackElo "2230"]
[PlyCount "120"]
[EventDate "2017.??.??"]
[WhiteTeam "SK Doprastav Bratislava B"]
[BlackTeam "SK Slovan Bratislava E"]

1. e4 c5 2. Nf3 Nc6 3. d4 cxd4 4. Nxd4 g6 5. c4 Nf6 6. Nc3 d6 7. Be2 Nxd4 8.
Qxd4 Bg7 9. Be3 O-O 10. Qd2 a5 11. Rc1 a4 12. O-O Qa5 13. f3 Be6 14. Nd5 Qxd2
15. Nxe7+ Kh8 16. Bxd2 Rfe8 17. Nd5 Nxd5 18. cxd5 Bxd5 19. Bb5 Re5 20. Bc3 Bxa2
21. Bxe5 Bxe5 22. Rf2 Ra5 23. Be8 Bd4 24. Rc7 b5 25. Rb7 Bc4 26. g3 Bc5 27. Kg2
b4 28. Rd2 a3 29. bxa3 bxa3 30. Rb1 a2 31. Ra1 Be3 32. Rxd6 Rc5 33. Bc6 Be6 34.
Bd5 Rc2+ 35. Kf1 Rxh2 36. Rxa2 Rxa2 37. Bxa2 Bxa2 38. Ke2 Bg1 39. Kf1 Bc5 40.
Rc6 Be7 41. Kf2 h5 42. f4 Kg7 43. Kf3 Bb3 44. Rc1 Bf6 45. Rb1 Be6 46. Ke3 Bg4
47. Rb5 Be7 48. Kd4 Bf6+ 49. Ke3 Bc3 50. Rb1 g5 51. Rc1 Ba5 52. Rb1 gxf4+ 53.
gxf4 Kg6 54. Kf2 h4 55. Rb5 Bd8 56. Rb1 Bc7 57. Ke3 f6 58. Rb7 Bd6 59. Rb6 h3
60. e5 h2 0-1

[Event "SR 2. liga A 2016/2017"]
[Site "?"]
[Date "2018.02.04"]
[Round "7.1"]
[White "Nestorenko, Dmitry"]
[Black "Kosnac, Patrik"]
[Result "1-0"]
[WhiteElo "2240"]
[BlackElo "1968"]
[PlyCount "49"]
[EventDate "2017.??.??"]
[WhiteTeam "SK Slovan Bratislava E"]
[BlackTeam "SK Doprastav Bratislava B"]

1. e4 e6 2. d4 d5 3. Nd2 dxe4 4. Nxe4 Nf6 5. Bg5 Be7 6. Bxf6 gxf6 7. c3 b6 8.
Qf3 c6 9. g4 Bb7 10. O-O-O Nd7 11. Qf4 Qb8 12. Qe3 h5 13. gxh5 f5 14. Nd2 c5
15. Ngf3 Rxh5 16. Bb5 Qc7 17. Ne5 Bxh1 18. Bxd7+ Kd8 19. Rxh1 f6 20. Bxe6 fxe5
21. Qf3 Rb8 22. Qxh5 Qc6 23. d5 Qa4 24. Qh8+ Kc7 25. Qxe5+ 1-0